[Event "AUTO-ADV-4022"]
[Site "http://www.queenalice.com/game.php?id=1533777"]
[Date "2018.7.6"]
[Round "2"]
[White "danielporrasarias"]
[Black "Benigno"]
[Result "1-0"]
[WhiteElo "1825"]
[BlackElo "1994"]

1. e4 c5 2. Bc4 e6 3. Nc3 d6 4. d3 Be7 5. Be3 Nf6 6. h3 O-O 7. Nf3 a6 8. a3 b5
9. Ba2 Bb7 10. O-O Qc7 11. Re1 d5 12. exd5 exd5 13. Qc1 d4 14. Bf4 Bd6 15. Bxd6
Qxd6 16. Ne2 1-0

[Event "AUTO-ADV-4022"]
[Site "http://www.queenalice.com/game.php?id=1533778"]
[Date "2018.7.6"]
[Round "2"]
[White "Benigno"]
[Black "danielporrasarias"]
[Result "0-1"]
[WhiteElo "1971"]
[BlackElo "1848"]

1. e4 e5 2. Nf3 Nc6 3. Bc4 Bc5 4. c3 d6 5. h3 Nf6 6. d3 h6 7. O-O O-O 8. Re1 Ne7
9. d4 exd4 10. cxd4 Bb6 11. Nc3 Ng6 12. Qc2 Re8 13. Bd2 Bd7 14. Rad1 Qc8 15. e5
dxe5 16. dxe5 Bf5 0-1

[Event "VENEZUELA DANIEL vs ZOMBIE JOSE "]
[Site "http://www.queenalice.com/game.php?id=1534488"]
[Date "2018.7.12"]
[Round "-"]
[White "JOSETEZOMBIE"]
[Black "danielporrasarias"]
[Result "1-0"]
[WhiteElo "2282"]
[BlackElo "1844"]

1. c4 e5 2. Nc3 Bc5 3. Nf3 d6 4. e3 Bf5 5. d4 exd4 6. exd4 Bb4 7. Qa4+ Nc6 8. d5
Bxc3+ 9. bxc3 Bd7 10. dxc6 Bxc6 11. Qb3 Bxf3 12. gxf3 Qe7+ 13. Be3 b6 14. O-O-O
O-O-O 15. c5 dxc5 16. Rxd8+ Qxd8 17. Qxf7 g6 18. Ba6+ Kb8 19. Rd1 Qe7 20. Qd5 c6
21. Bf4+ Ka8 22. Qxc6+ Qb7 23. Bxb7# 1-0

[Event "AUTO-ADV-4048"]
[Site "http://www.queenalice.com/game.php?id=1536183"]
[Date "2018.7.26"]
[Round "1"]
[White "EEC"]
[Black "danielporrasarias"]
[Result "1-0"]
[WhiteElo "2103"]
[BlackElo "1875"]

1. e4 e5 2. Bc4 Nf6 3. d3 h6 4. Nc3 Bb4 5. Bd2 d6 6. h3 a6 7. Nd5 Bxd2+ 8. Qxd2
c6 9. Nxf6+ Qxf6 10. Ne2 a5 11. a4 Nd7 12. c3 Nb6 13. Bb3 O-O 14. O-O Qg6 15.
Kh2 Nd7 16. f4 exf4 17. Nxf4 Qg5 18. Rf2 Ne5 19. d4 Ng6 20. Nxg6 Qxg6 21. Raf1
d5 22. exd5 cxd5 23. Bxd5 Qd6+ 24. Qf4 Qxd5 25. Re2 b6 26. Re5 Qb3 27. Rf3 Qxb2
28. Rg3 Kh7 29. Rh5 Qc2 30. Rxg7+ Kxg7 31. Qxh6+ Kg8 32. Qh8# 1-0

[Event "AUTO-ADV-4048"]
[Site "http://www.queenalice.com/game.php?id=1536197"]
[Date "2018.7.26"]
[Round "1"]
[White "danielporrasarias"]
[Black "smcneil"]
[Result "0-1"]
[WhiteElo "1837"]
[BlackElo "1910"]

1. e4 c5 2. Bc4 a6 3. d3 e6 4. Nf3 b5 5. Bb3 a5 6. c3 Bb7 7. Bf4 d6 8. O-O Be7
9. d4 c4 10. Bc2 Nf6 11. e5 Nd5 12. Bg3 O-O 13. exd6 Bxd6 14. Ne5 Bxe5 15. Bxe5
Nc6 16. Qh5 h6 17. Qg4 Nf6 18. Bxf6 Qxf6 19. Nd2 Ne7 20. Rfe1 Qg5 21. Qxg5 hxg5
22. Re3 Bd5 23. Rg3 f6 24. Rg4 Kf7 25. f4 gxf4 26. Rxf4 Rh8 27. Be4 Rh6 28. Raf1
Rah8 29. Nf3 Kg8 30. Re1 f5 31. Nd2 Rxh2 32. Bxd5 Nxd5 33. Rf3 R8h6 34. Nf1 R2h4
35. g3 Rh3 36. Rf2 g5 37. Kg2 R3h5 38. Nd2 Rh2+ 39. Kf3 g4+ 40. Ke2 Rxf2+ 41.
Kxf2 Rh2+ 42. Kf1 Rxd2 43. Rxe6 Rxb2 44. Re5 Nxc3 45. Rxf5 Ne2 46. Rf2 Nxg3+ 47.
Kg2 Rxf2+ 0-1

[Event "AUTO-ADV-4048"]
[Site "http://www.queenalice.com/game.php?id=1536198"]
[Date "2018.7.26"]
[Round "1"]
[White "smcneil"]
[Black "danielporrasarias"]
[Result "1-0"]
[WhiteElo "1896"]
[BlackElo "1851"]

1. e4 e5 2. Bc4 Nf6 3. d3 h6 4. Nf3 Nc6 5. O-O Bc5 6. a3 d6 7. Nc3 O-O 8. Nd5
Bg4 9. Ne3 Nd4 10. Nxg4 Nxg4 11. Nxd4 Qh4 12. h3 Nxf2 13. Rxf2 Bxd4 14. Qe2
Bxf2+ 15. Qxf2 Qh5 16. Be3 c5 17. Bd5 Rab8 18. c4 Kh8 19. b3 f5 20. Qf3 Qg6 21.
Qe2 f4 22. Bf2 b5 23. Bh4 f3 24. Qf2 h5 25. Re1 bxc4 26. Bxc4 a5 27. a4 fxg2 28.
Qxg2 Qh6 29. Bg5 Qg6 30. h4 Kh7 31. Re3 Rb7 32. Rg3 Qe8 33. Be3 Rf6 34. Bg5 Rg6
35. Be3 Rf6 36. Bg5 Rg6 37. Be3 Rxg3 38. Qxg3 Qe7 39. Bg5 Qf8 40. Kg2 g6 41. Qf3
Qxf3+ 42. Kxf3 Rb8 43. Be7 Rb6 44. Bd8 Rb7 45. Bxa5 Ra7 46. Bd8 Ra8 47. Bb6 Rf8+
48. Kg3 1-0

[Event "AUTO-ADV-4048"]
[Site "http://www.queenalice.com/game.php?id=1536199"]
[Date "2018.7.26"]
[Round "1"]
[White "danielporrasarias"]
[Black "wiktormool"]
[Result "0-1"]
[WhiteElo "1863"]
[BlackElo "1965"]

1. e4 c5 2. Bc4 Nc6 3. d3 g6 4. Nf3 Bg7 5. c3 a6 6. Be3 Qb6 7. Qc1 d6 8. h3 Ne5
9. Nxe5 Bxe5 10. Bb3 Nf6 11. Nd2 O-O 12. Nf3 Nd7 13. Bh6 Bg7 14. Qf4 Bxh6 15.
Qxh6 Nf6 16. Ng5 e5 17. h4 c4 18. dxc4 Qxf2+ 19. Kxf2 Ng4+ 0-1

[Event "AUTO-ADV-4048"]
[Site "http://www.queenalice.com/game.php?id=1536200"]
[Date "2018.7.26"]
[Round "1"]
[White "wiktormool"]
[Black "danielporrasarias"]
[Result "1-0"]
[WhiteElo "2019"]
[BlackElo "1824"]

1. c4 e5 2. Nc3 Bc5 3. Nf3 d6 4. e3 Nc6 5. a3 Be6 6. b4 Bb6 7. Bb2 Nf6 8. h3 a6
9. Bd3 d5 10. c5 Ba7 11. Bc2 Qd7 12. Ba4 O-O 13. Nxe5 Nxe5 14. Bxd7 Bxd7 15.
Nxd5 Nd3+ 16. Kf1 Nxd5 17. Bd4 Bb5 18. Kg1 Rfe8 19. h4 Re6 20. Qf3 Bc6 21. Qg3
g6 22. Qg5 Rae8 23. h5 f6 24. Qg3 Bb8 25. e4 Rxe4 26. Qxd3 Bb5 27. Qb3 Bc6 28.
Be3 Kg7 29. hxg6 hxg6 30. Re1 Ne7 31. Bh6+ Kh7 32. Qf7+ Kh8 33. Qg7# 1-0

[Event "AUTO-OPEN-3957"]
[Site "http://www.queenalice.com/game.php?id=1536335"]
[Date "2018.7.27"]
[Round "1"]
[White "Gosiulkaa"]
[Black "danielporrasarias"]
[Result "1-0"]
[WhiteElo "2022"]
[BlackElo "1883"]

1. e4 e5 2. Nf3 Nc6 3. Bc4 Bc5 4. c3 h6 5. d4 exd4 6. cxd4 Bb4+ 7. Nc3 d6 8. d5
Nce7 9. a3 Bc5 10. b4 Bb6 11. h3 Nf6 12. O-O Ng6 13. Re1 O-O 14. e5 dxe5 15.
Nxe5 Nxe5 16. Rxe5 Qd6 17. Bf4 Nd7 18. Re4 Qf6 19. Na4 Rd8 20. Rc1 Nf8 21. Nxb6
axb6 22. Bxc7 Rd7 23. d6 Rxa3 24. Re8 Ra2 25. Rc2 Rxc7 26. dxc7 Rxc2 27. Qxc2
Bf5 28. Qe2 Qc6 29. Re7 Be6 30. Bxe6 Nxe6 31. Qe5 Kh7 32. Rxf7 b5 33. Re7 Nxc7
34. Rxc7 Qg6 35. Rc1 Qb6 36. Rc5 Qa6 37. Rxb5 Qa1+ 38. Qxa1 1-0

[Event "AUTO-OPEN-3957"]
[Site "http://www.queenalice.com/game.php?id=1536336"]
[Date "2018.7.27"]
[Round "1"]
[White "danielporrasarias"]
[Black "Gosiulkaa"]
[Result "0-1"]
[WhiteElo "1873"]
[BlackElo "2032"]

1. e4 e5 2. Bc4 d6 3. h3 Nc6 4. d3 g6 5. Nf3 Bg7 6. Ng5 Nh6 7. h4 Na5 8. Bb3
Nxb3 9. axb3 f6 10. Nf3 Bg4 11. Be3 Nf7 12. Nbd2 f5 13. Nf1 f4 14. Bd2 a6 15.
N1h2 Bxf3 16. Nxf3 h6 17. Qe2 Qd7 18. O-O-O Qb5 19. Bc3 a5 20. Kd2 g5 21. hxg5
O-O-O 22. gxh6 Rxh6 23. Rxh6 Bxh6 24. Ra1 b6 25. Ne1 f3+ 26. Kd1 fxe2+ 27. Kxe2
d5 28. f3 dxe4 29. fxe4 Qc5 30. Nf3 Qe3+ 31. Kd1 Qxe4 32. Ra4 Rxd3+ 33. cxd3
Qxd3+ 34. Ke1 e4 35. Rd4 Qe3+ 36. Kd1 exf3 37. gxf3 Qxf3+ 38. Ke1 Be3 0-1

[Event "AUTO-OPEN-3957"]
[Site "http://www.queenalice.com/game.php?id=1536359"]
[Date "2018.7.27"]
[Round "1"]
[White "danielporrasarias"]
[Black "ANNUNAKI"]
[Result "1-0"]
[WhiteElo "1877"]
[BlackElo "1617"]

1. e4 c5 2. Bc4 e6 3. d4 cxd4 4. Qxd4 Nc6 5. Qd1 Be7 6. Nf3 d5 7. exd5 exd5 8.
Bxd5 Nf6 9. Bxc6+ bxc6 10. Qxd8+ Bxd8 11. O-O O-O 12. Bf4 Nd5 13. Bg3 Ba6 14.
Re1 Bf6 15. c3 Rfe8 16. Nbd2 g6 17. Ne4 Bg7 18. Nfg5 h6 19. Nf3 Red8 20. b3 f5
21. Nc5 Bc8 22. Rac1 f4 23. c4 fxg3 24. hxg3 Nb4 25. a3 Nd3 26. Rcd1 Bg4 27.
Nxd3 Kh7 28. Kh2 Bxf3 29. gxf3 Rf8 30. f4 g5 31. Re7 Rfd8 32. fxg5 hxg5 33. Kg2
Rd4 34. Rh1+ Kg8 35. Ne1 Rd1 36. Nf3 Rxh1 37. Kxh1 Bf6 38. Rc7 g4 39. Nh2 Rd8
40. Nxg4 Bb2 41. Rxa7 Rd3 42. Nf6+ Kf8 43. Rc7 Bxa3 44. Rxc6 Rxb3 45. c5 Rc3 46.
Kg2 Rxc5 47. Rxc5 Bxc5 48. Nd7+ 1-0

[Event "AUTO-OPEN-3957"]
[Site "http://www.queenalice.com/game.php?id=1536360"]
[Date "2018.7.27"]
[Round "1"]
[White "ANNUNAKI"]
[Black "danielporrasarias"]
[Result "0-1"]
[WhiteElo "1194"]
[BlackElo "1869"]

1. e4 e5 2. Nf3 Nc6 3. Bc4 Bc5 4. c3 d6 5. O-O Bg4 6. d4 exd4 7. cxd4 Nxd4 8.
Bxf7+ Kxf7 9. Ng5+ Kg6 10. Qxg4 Nf6 11. Qd1 h6 12. Nh3 Re8 13. Nc3 Kh7 14. Bf4
Kh8 15. Qd2 Nxe4 16. Nxe4 Rxe4 17. Bxh6 Rg4 18. Be3 Nf3+ 0-1

[Event "AUTO-OPEN-3957"]
[Site "http://www.queenalice.com/game.php?id=1536361"]
[Date "2018.7.27"]
[Round "1"]
[White "danielporrasarias"]
[Black "MaxM"]
[Result "1-0"]
[WhiteElo "1875"]
[BlackElo "1189"]

1. e4 e5 2. Bc4 Nc6 3. d3 Nf6 4. Nf3 d6 5. h3 Be7 6. Be3 O-O 7. O-O a5 8. a3 b6
9. Nbd2 a4 10. Re1 Ba6 11. Ba2 Qd7 12. Nf1 d5 13. exd5 Nxd5 14. Bd2 Nf4 15. Bxf4
Nd4 16. Bxe5 Nxf3+ 17. Qxf3 c5 18. Qg3 b5 19. Qxg7# 1-0

[Event "AUTO-OPEN-3957"]
[Site "http://www.queenalice.com/game.php?id=1536362"]
[Date "2018.7.27"]
[Round "1"]
[White "MaxM"]
[Black "danielporrasarias"]
[Result "1-0"]
[WhiteElo "1238"]
[BlackElo "1824"]

1. Nf3 d5 2. d4 Bf5 3. Nc3 e6 4. e3 a6 5. Bd3 Bg4 6. O-O Nf6 7. h3 Bh5 8. Be2
Bb4 9. a3 Bxc3 10. bxc3 Ne4 11. Ne5 Bxe2 12. Qxe2 Nxc3 13. Qg4 Qf6 14. a4 Ne4
15. Qf3 Qxf3 16. Nxf3 O-O 17. Ne5 f6 18. Ng4 h5 19. Nh2 Nc6 20. Ba3 Rfe8 21.
Rab1 b5 22. Bc5 Nd2 23. Rfd1 1-0

[Event "Challenge"]
[Site "http://www.queenalice.com/game.php?id=1536383"]
[Date "2018.7.27"]
[Round "-"]
[White "MADMIKE"]
[Black "danielporrasarias"]
[Result "1-0"]
[WhiteElo "1906"]
[BlackElo "1871"]

1. d4 d5 2. Nc3 Bf5 3. Bf4 e6 4. a3 Nc6 5. Nb5 Rc8 6. Nf3 h6 7. h3 Be7 8. e3 Nf6
9. Bd3 Bxd3 10. cxd3 a6 11. Nc3 Bd6 12. Bxd6 Qxd6 13. O-O g5 14. Re1 g4 15. hxg4
Nxg4 16. Ne5 Ngxe5 17. dxe5 Qxe5 18. d4 Qg5 19. f4 Qg6 20. Qf3 h5 21. Kf2 h4 22.
Rh1 Ke7 23. Rh3 Na5 24. e4 Nc4 25. f5 Qg5 26. Rah1 Nd2 27. Qe2 dxe4 28. Nxe4
Qf4+ 29. Rf3 Nxf3 30. f6+ Ke8 31. gxf3 h3 32. d5 Rg8 33. Rxh3 Kd7 34. dxe6+ Kxe6
35. Qc4+ Kd7 36. Qxf7+ Kc6 37. Qe6+ Kb5 38. Rh5+ c5 39. Qb3+ Kc6 40. Rxc5+ Kd7
41. Qd5+ Ke8 42. Rxc8# 1-0

[Event "Challenge"]
[Site "http://www.queenalice.com/game.php?id=1536384"]
[Date "2018.7.27"]
[Round "-"]
[White "danielporrasarias"]
[Black "MADMIKE"]
[Result "1-0"]
[WhiteElo "1856"]
[BlackElo "1921"]

1. c4 e5 2. Nc3 Nf6 3. d3 h6 4. e4 a6 5. Be3 Nc6 6. Nf3 Be7 7. Be2 O-O 8. d4
exd4 9. Nxd4 Nxd4 10. Qxd4 c6 11. e5 Nh7 12. Qg4 d6 13. Qg3 Bh4 14. Qf3 dxe5 15.
g3 Bg5 16. h4 Bxe3 17. Qxe3 f5 18. Qxe5 Nf6 19. O-O Bd7 20. Rad1 b6 21. c5 bxc5
22. Qxc5 Qe8 23. Rfe1 Kh8 24. Bxa6 Rxa6 25. Rxe8 Rxe8 26. a3 Raa8 27. a4 Be6 28.
Qxc6 Rac8 29. Qb6 Rb8 30. Qd6 Rxb2 31. a5 Rb3 32. Re1 Rxc3 33. Rxe6 Rc1+ 34. Kg2
Rec8 35. a6 R1c2 36. a7 Ng4 37. Qa3 Rxf2+ 38. Kg1 Ra8 39. Rb6 Kh7 40. Rb8 Rf3
41. Qxf3 Rxa7 42. Qxf5+ g6 43. Qf8 g5 44. h5 Ra1+ 45. Kg2 Ra2+ 46. Kf3 Nh2+ 47.
Ke3 Ng4+ 48. Kd3 Ne5+ 49. Kc3 Ng6 50. Qf7# 1-0

[Event "OS INCLIVES"]
[Site "http://www.queenalice.com/game.php?id=1538324"]
[Date "2018.8.9"]
[Round "-"]
[White "adelio"]
[Black "danielporrasarias"]
[Result "0-1"]
[WhiteElo "1490"]
[BlackElo "1816"]

1. d4 d5 2. e4 dxe4 3. c4 Bf5 4. Nc3 e6 5. g4 Bg6 6. h4 h6 7. h5 Bh7 8. Be3 Bb4
9. a3 Bxc3+ 10. bxc3 Nf6 11. g5 hxg5 12. Bxg5 Nbd7 13. f3 exf3 14. Nxf3 O-O 15.
h6 gxh6 16. Bxh6 Re8 17. Ng5 e5 18. Nxf7 Kxf7 19. Be3 Nb6 20. Be2 exd4 21. Bxd4
Bg6 22. O-O Nd7 23. c5 Rg8 24. Bc4+ Kg7 25. Bxg8 Qxg8 26. Rxf6 Nxf6 27. Qf3 Be4
28. Qxf6+ Kh7+ 29. Kf2 Rf8 30. Ke3 Rxf6 31. Bxf6 Qe6 32. Bd4 Bg6+ 33. Kf2 Qf5+
34. Ke3 b6 35. Rh1+ Kg8 36. Rh8+ Kf7 37. Ra8 Qe4+ 0-1

[Event "OS INCLIVES"]
[Site "http://www.queenalice.com/game.php?id=1538325"]
[Date "2018.8.9"]
[Round "-"]
[White "danielporrasarias"]
[Black "adelio"]
[Result "1-0"]
[WhiteElo "1819"]
[BlackElo "1318"]

1. e4 a6 2. Bc4 e6 3. d3 b5 4. Bb3 a5 5. a3 a4 6. Ba2 b4 7. axb4 Bxb4+ 8. c3 Be7
9. Nf3 d6 10. Be3 c5 11. Nbd2 Nd7 12. O-O g6 13. d4 h5 14. d5 e5 15. b3 Bb7 16.
Qe2 Ba6 17. c4 h4 18. Rfe1 Ndf6 19. h3 Bc8 20. Bg5 Bxh3 21. gxh3 Qd7 22. bxa4
Qxh3 23. Nh2 Rh5 24. Ndf3 Rxa4 25. Be3 Ng4 26. Kh1 f6 27. Qb2 Kf7 28. Qb5 Ra3
29. Qb7 Nxe3 30. fxe3 Kg7 31. Qb2 Rxa2 32. Qxa2 Rg5 33. Nxg5 fxg5 34. Qf2 Bf6
35. Ra7+ Kh6 36. Rf7 g4 37. Rxf6 Nxf6 38. Qxf6 g3 39. Re2 g2+ 40. Rxg2 Qxe3 41.
Qxg6# 1-0

[Event "AUTO-ADV-4087"]
[Site "http://www.queenalice.com/game.php?id=1548142"]
[Date "2018.11.4"]
[Round "1"]
[White "Equiferus"]
[Black "danielporrasarias"]
[Result "0-1"]
[WhiteElo "1808"]
[BlackElo "1793"]

1. d4 d5 2. e4 dxe4 3. f3 Nf6 4. Bg5 Bf5 5. Bxf6 exf6 6. a3 Bd6 7. Nc3 O-O 8.
Nxe4 Re8 9. Bd3 Bg6 10. Ne2 Nc6 11. O-O a6 12. Nxd6 Qxd6 13. c3 h5 14. h4 Ne7
15. Qd2 Nf5 16. Rae1 Nxh4 17. f4 Qd5 18. Rf2 Re6 19. Bxg6 fxg6 20. g3 Nf3+ 21.
Kf1 Nxd2+ 0-1

[Event "AUTO-ADV-4087"]
[Site "http://www.queenalice.com/game.php?id=1548143"]
[Date "2018.11.4"]
[Round "1"]
[White "danielporrasarias"]
[Black "Equiferus"]
[Result "0-1"]
[WhiteElo "1821"]
[BlackElo "1821"]

1. e4 d5 2. exd5 Qxd5 3. Nc3 Qd6 4. Bc4 Nf6 5. d3 g6 6. Be3 Be6 7. Bxe6 Qxe6 8.
Nf3 Qg4 9. Rg1 Bg7 10. Qd2 O-O 11. O-O-O Nc6 12. h3 Qb4 13. g4 Rfd8 14. h4 Ne4
15. Qe1 Nxc3 16. Bd2 Nxa2+ 17. Kb1 Qxb2# 0-1

[Event "AUTO-ADV-4087"]
[Site "http://www.queenalice.com/game.php?id=1548156"]
[Date "2018.11.4"]
[Round "1"]
[White "Railton"]
[Black "danielporrasarias"]
[Result "1-0"]
[WhiteElo "1944"]
[BlackElo "1820"]

1. d4 d5 2. Nc3 Nf6 3. h3 Bf5 4. g4 Bg6 5. Bg2 e6 6. a3 Bd6 7. Be3 Nc6 8. Nb5 a6
9. Nc3 Qe7 10. Qd2 O-O-O 11. f4 h6 12. O-O-O Bxa3 13. Nb1 Bb4 14. c3 Bxb1 15.
Kxb1 Ba5 16. b4 Bb6 17. Qa2 g6 18. Bf2 Ne4 19. Bxe4 dxe4 20. e3 f6 21. Ne2 f5
22. Rh2 Na7 23. Rd2 Nb5 24. Be1 fxg4 25. hxg4 g5 26. Qb2 gxf4 27. Bh4 Qd6 28.
Bxd8 Qxd8 29. Nxf4 Qg8 30. c4 Nxd4 31. exd4 Qxg4 32. d5 Qxf4 33. Qxh8+ Kd7 34.
dxe6+ Kxe6 35. Rxh6+ Ke7 36. Qd8+ Kf7 37. Rd7# 1-0

[Event "AUTO-ADV-4087"]
[Site "http://www.queenalice.com/game.php?id=1548157"]
[Date "2018.11.4"]
[Round "1"]
[White "danielporrasarias"]
[Black "Railton"]
[Result "1-0"]
[WhiteElo "1797"]
[BlackElo "1971"]

1. e4 e5 2. Bc4 Bc5 3. d3 Qf6 4. Nf3 h6 5. Nbd2 d6 6. h3 a6 7. Nf1 b5 8. Bb3 c6
9. Ng3 Qe7 10. Nh5 f6 11. Bd2 g6 12. Ng3 Be6 13. Nh4 Kf7 14. Qf3 d5 15. exd5
cxd5 16. Bxd5 Ra7 17. Bxe6+ Qxe6 18. Ne4 Bb6 19. g4 g5 20. Nf5 Bc7 21. O-O Nd7
22. Kg2 Ne7 23. Nxe7 Qxe7 24. Be3 Rb7 25. Nxg5+ hxg5 26. Qxb7 Qd6 27. Rfd1 Rb8
28. Qf3 e4 29. dxe4 Qh2+ 30. Kf1 Ne5 31. Qf5 Qxh3+ 32. Ke1 Rd8 33. Rxd8 Bxd8 34.
Ke2 Qxg4+ 35. Qxg4 Nxg4 36. f3 Ne5 37. Rd1 Be7 38. Bd4 Nc4 39. b3 Ne5 40. Bxe5
fxe5 41. Rd7 a5 42. Ra7 a4 43. bxa4 bxa4 44. Rxa4 Bd6 45. c4 Ke7 46. Ra7+ Kd8
47. a4 1-0

[Event "AUTO-ADV-4087"]
[Site "http://www.queenalice.com/game.php?id=1548166"]
[Date "2018.11.4"]
[Round "1"]
[White "danielporrasarias"]
[Black "marcoswerneck"]
[Result "0-1"]
[WhiteElo "1805"]
[BlackElo "1893"]

1. e4 e5 2. Bc4 Nf6 3. d3 Nc6 4. Nf3 h6 5. a3 a6 6. Nc3 Bc5 7. Ne2 Ng4 8. O-O d6
9. h3 Nf6 10. Ng3 g6 11. Bd2 Qe7 12. Qc1 g5 13. b4 Bb6 14. Re1 g4 15. hxg4 Nxg4
16. Nh2 Nxh2 17. Kxh2 Bxf2 18. Rf1 Qh4# 0-1

[Event "AUTO-ADV-4087"]
[Site "http://www.queenalice.com/game.php?id=1548167"]
[Date "2018.11.4"]
[Round "1"]
[White "marcoswerneck"]
[Black "danielporrasarias"]
[Result "1-0"]
[WhiteElo "1897"]
[BlackElo "1810"]

1. e4 e5 2. a3 Bc5 3. Nf3 d6 4. d3 h6 5. h3 Nc6 6. Be2 Nf6 7. Nc3 a6 8. b3 Bd7
9. O-O Nd4 10. Nxd4 Bxd4 11. Bd2 Be6 12. Rb1 g5 13. Nd5 Nxd5 14. c3 Nxc3 15.
Bxc3 Bxc3 16. b4 Qd7 17. a4 f5 18. exf5 Bxf5 19. Bh5+ Ke7 20. Qb3 Rhf8 21. Qxc3
Kd8 22. a5 c6 23. Rbc1 Kc7 24. Qd2 Bxh3 25. d4 exd4 26. Qxd4 Rad8 27. Qb6+ Kb8
28. Bf3 Rc8 29. Rc3 d5 30. b5 cxb5 31. Rxc8+ Qxc8 32. Bxd5 Bd7 33. Qd6+ Ka8 34.
Qxa6+ Kb8 35. Qd6+ Ka8 36. a6 Bc6 37. axb7+ Kxb7 38. Bxc6+ Ka7 39. Ra1+ 1-0